000 00409nam a2200133Ia 4500
005 20260328101519.0
008 260328s9999||||xx |||||||||||||| ||und||
100 _aNoel, Martin S.
245 0 _aFundamentos para una EstÉtica Nacional :
_b Contribución a la Historia de la Arquitectura hispanoAmericana /
_cMartin S. Noel
260 _bRodríguez Giles
300 _a238 p.
650 _aHISTORIA
942 _cBK
999 _c9498
_d9498